Priestorová orientácia a orientácia v PC
Problémy, ktoré má nevidiaci človek pri orientácii na stole, sú tak isté ako aj pri orientácií v počítači. Odlišnosťou je fakt, že objekty na stole sú priestorové a je možné ich nahmatať, a objekty v počítači sú virtuálne a môže o nich vedieť hlavne vďaka hlasovej informácií, ktorú vydáva príslušný...
Gespeichert in:
| 1. Verfasser: | |
|---|---|
| Weitere Verfasser: | , |
| Format: | Buchkapitel |
| Sprache: | Slowakisch |
| Schlagworte: | |
| Tags: |
Keine Tags, Fügen Sie das erste Tag hinzu!
|
MARC
| LEADER | 00000nla a2200000 4500 | ||
|---|---|---|---|
| 001 | 0237929 | ||
| 005 | 20240502073840.2 | ||
| 041 | 0 | |a slo | |
| 044 | |a SK | ||
| 245 | 1 | 0 | |a Priestorová orientácia a orientácia v PC |c Brigita Albertová, Peter Nedorost, Jaroslav Kultan |
| 520 | |a Problémy, ktoré má nevidiaci človek pri orientácii na stole, sú tak isté ako aj pri orientácií v počítači. Odlišnosťou je fakt, že objekty na stole sú priestorové a je možné ich nahmatať, a objekty v počítači sú virtuálne a môže o nich vedieť hlavne vďaka hlasovej informácií, ktorú vydáva príslušný program. Využívanie postupov používaných pri vyučovaní priestorovej orientácie (mikroorientácie) pri vyučovaní informačných technológií. | ||
| 610 | 2 | 0 | |a osoby zdravotne postihnuté |
| 610 | 2 | 0 | |a priestor |
| 610 | 2 | 0 | |a priestor pracovný |
| 610 | 2 | 0 | |a počítače |
| 610 | 2 | 0 | |a technológie informačné |
| 100 | 1 | |a Albertová, Brigita | |
| 700 | 1 | |a Nedorost, Peter | |
| 700 | 1 | |a Kultan, Jaroslav, 1960- | |